| 000 | 00790nam a22002055i 4500 | ||
|---|---|---|---|
| 001 | 171766 | ||
| 003 | ES-MaACL | ||
| 005 | 20250814051552.0 | ||
| 008 | 090528s1966 sp |||| | spa d | ||
| 080 | _a621.757(075.3) | ||
| 100 | 1 |
_aSolar, Z. C. _9140242 |
|
| 245 | 1 | 0 |
_aTecnología, rama del metal, sección mecánica, especialidad ajustador, formación profesional industrial, tercer curso de aprendizaje industrial / _cpor Z. C. Solar. |
| 260 |
_aLeón : _bEverest, _c1966. |
||
| 300 |
_a360 p. : _bil. ; _c21 cm. |
||
| 490 | 1 | _aBiblioteca Tecnológica de la Fabricación Mecánica | |
| 650 | 4 |
_aPráctica de taller. _916334 |
|
| 830 | 0 | 0 |
_aBiblioteca tecnológica de la fabricación mecánica _9180851 |
| 852 |
_aES-MaACL _jC-34105 _9R.64882 |
||
| 999 |
_c171766 _d171766 |
||